| 000 | 01048cam a22002657a 4500 | ||
|---|---|---|---|
| 001 | 83363 | ||
| 003 | BD-RjUL | ||
| 005 | 20240314142458.0 | ||
| 008 | m1931 pk a 000 0 urd | ||
| 035 | _a(BD-RjUL) 83363 | ||
| 040 |
_aDLC _cDLC _dDLC _beng |
||
| 041 | _aurd | ||
| 082 |
_223 _a891.43909 _bTAL 1931 |
||
| 100 | 0 |
_aTariq, Abdur Rahman,طارق٫ عبدالرحمن _d1846-1921. _912345 |
|
| 245 | 1 | 0 |
_aلسان العصر / Lisānulʻaṣr / _cعبد الرحمن طارق ;; Abdul Rehman Tariq |
| 246 | 3 | 0 | _aLisānulʻaṣr |
| 260 |
_aLahore : _bNāmī Pres, _c1931- |
||
| 300 |
_a328 p. ; _c17 cm. |
||
| 500 | _aPoems. | ||
| 520 | _aComplete works. | ||
| 650 |
_aUrdu Poetry _vCriticism, interpretation _98496 |
||
| 942 |
_2ddc _cBK |
||
| 999 |
_c83363 _d83363 |
||